000 00524nam a2200181 a 4500
005 20240320063621.0
008 991125s1974 ea 000 0 eng u
020 _a0385071019
035 _aUPN01000050026
049 _aCG
050 4 _aJA79
_bB4.6
100 1 _aBerger, Peter L.,
_d1929-2017
_931064
245 1 0 _aPyramids of sacrifice :
_bpolitical ethics and social change /
_cPeter L. Berger.
260 _aNew York :
_bAnchor Books,
_cc1974.
300 _a266 p.
650 4 _aÉtica política
_97545
905 _aLibro
999 _c50026
_d50026